000 00853nam a2200301Ia 4500
003 OSt
005 20221006141918.0
006 a|||||r|||| 00| 0
007 ta
008 221006b |||||||| |||| 00| 0 eng d
020 _c51.00 (each)
024 _a4,630
037 _cTextual
040 _aEASL
_cEASL
_beng
041 _2eng
_aeng
082 _aWv41.N19, p7N72-;1
100 _aSCHWARTZ Benjamin I Ed.
_9646513
245 0 _aReflections on the May Fourth Movement
_b A symposium
260 _aCambridge
_bHarvard University Press
_c1972
300 _a140p.
_ccm.
490 _v TB
650 _a CEL
650 _a May Fourth Movement
_9646514
650 _a Pai-Hua Movement
_9646515
650 _aNationalism
942 _hWv41.N19, p7N72-;1
_cTEXL
_2CC
999 _c1072716
_d1072716